Catálogo

La estrategia del engaño : (Registro nro. 33986)

Detalles MARC
000 -LEADER
fixed length control field 00968cam a2200253 i 4500
001 - CONTROL NUMBER
control field 33986
005 - DATE AND TIME OF LATEST TRANSACTION
control field 20180714002028.0
008 - FIXED-LENGTH DATA ELEMENTS--GENERAL INFORMATION
fixed length control field 140415s1964 mx r 000 0 spa d
040 ## - CATALOGING SOURCE
Original cataloging agency MX-PuUPA
Language of cataloging spa
Description conventions rda
Transcribing agency Mx-PuUPA
Modifying agency Mx-PuUPA
041 ## - LANGUAGE CODE
Language code of text/sound track or separate title spa
082 0# - DEWEY DECIMAL CLASSIFICATION NUMBER
Classification number 335.411
Item number EST
130 1# - MAIN ENTRY--UNIFORM TITLE
Uniform title The strategy of deception.
Language of a work Español
245 13 - TITLE STATEMENT
Title La estrategia del engaño :
Remainder of title estudio de la táctica comunista en el mundo entero /
Statement of responsibility, etc. Jeane J. Kirkpatrick, editor ; versión española de Andres M. Mateo.
250 ## - EDITION STATEMENT
Edition statement Primera edición
264 #1 - PRODUCTION, PUBLICATION, DISTRIBUTION, MANUFACTURE, AND COPYRIGHT NOTICE
Place of production, publication, distribution, manufacture México, D.F. :
Name of producer, publisher, distributor, manufacturer Editorial Limusa-Wiley,
Date of production, publication, distribution, manufacture, or copyright notice 1964
300 ## - PHYSICAL DESCRIPTION
Extent xxi, 544 páginas ;
Dimensions 19 cm.
336 ## - CONTENT TYPE
Content type term texto
Source rdacontent
337 ## - MEDIA TYPE
Media type term sin mediación
Source rdamedia
338 ## - CARRIER TYPE
Carrier type term volumen
Source rdacarrier
650 #4 - SUBJECT ADDED ENTRY--TOPICAL TERM
Topical term or geographic name entry element Estrategia comunista
700 1# - ADDED ENTRY--PERSONAL NAME
Personal name Kirkpatrick, Jeane J.,
Relator term editor
700 1# - ADDED ENTRY--PERSONAL NAME
Personal name Mateo, Andres M.,
Relator term traductor
700 1# - ADDED ENTRY--PERSONAL NAME
Relationship information Traducción de:
Personal name Kirkpatrick, Jeane J.
Title of a work The strategy of deception.
Existencias
Withdrawn status Lost status Source of classification or shelving scheme Damaged status Not for loan Collection code Home library Current library Shelving location Date acquired Source of acquisition Inventory number Total Checkouts Full call number Barcode Date last seen Date last checked out Price effective from Koha item type
    Dewey Decimal Classification     General Biblioteca Karol Wojtyla Biblioteca Karol Wojtyla Sala general 03/12/2013 Compra 151000000000000000018677   335.411 KIR 1964 5154 05/01/2026 21/05/2018 05/07/2018 Libro